书目信息 |
| 题名: |
神秘的大洋
|
|
| 作者: | 美帕姆·沃克 等著 李乐天 译 | |
| 分册: | ||
| 出版信息: | 上海 上海科学技术文献出版社 2006.70 |
|
| 页数: | ||
| 开本: | 16开 | |
| 丛书名: | ||
| 单 册: | ||
| 中图分类: | P203 | |
| 科图分类: | ||
| 主题词: | 测绘学 , 测量学 | |
| 电子资源: | ||
| ISBN: | 7-5439-2873-6 | |
| 000 | 00613nam0 2200193 450 | |
| 001 | 0736196517 | |
| 005 | 20070924100316.51 | |
| 010 | @a7-5439-2873-6@d¥15.00 | |
| 100 | @a20070924d km y0chiy0120 ea | |
| 101 | 0 | @achi |
| 200 | 1 | @a神秘的大洋@Ashen mi de da yang@f[美]帕姆·沃克 等著 李乐天 译@F[mei]pa mu·wo ke deng zhu li yue tian yi |
| 210 | @a上海@c上海科学技术文献出版社@d2006.70 | |
| 215 | @d16开 | |
| 606 | 0 | @a测绘学 |
| 606 | 0 | @a测量学 |
| 690 | @aP203@v3 | |
| 701 | 0 | @a美帕姆·沃克 等著 李乐天@Amei pa mu·wo ke deng zhu li yue tian@4译 |
| 801 | 0 | @aCN@bPFT@c20070924 |
| 905 | @a213230@dP203@eZY10@f1 | |
| 神秘的大洋/[美]帕姆·沃克 等著 李乐天 译.-上海:上海科学技术文献出版社,2006.70 |
| 16开 |
| ISBN 7-5439-2873-6:¥15.00 |
| ● |
| 相关链接 |
|
|
|
|
正题名:神秘的大洋
索取号:P203/ZY10
 
预约/预借
| 序号 | 登录号 | 条形码 | 馆藏地/架位号 | 状态 | 备注 |
| 1 | 7902119 | 279021194 | 密集书库-资源管理系/ [索取号:P203/ZY10] | 在馆 |